| 000 | 00333nam a2200133 a 4500 | ||
|---|---|---|---|
| 001 | 4589 | ||
| 003 | CDMR | ||
| 005 | 20130116135258.0 | ||
| 008 | 130130s1981||||||||||||||||||||||||||||d | ||
| 040 |
_aCDMR _bcat _cCDMR |
||
| 245 | 0 |
_aFront page _b100 years of the Los Angeles Times 1881-1981 |
|
| 260 |
_aNew YorK _c1981 _bAbrams |
||
| 942 | _cMON | ||
| 999 |
_c4589 _d4589 |
||